Ralph Nader presents civics for democracy : (Record no. 7271)

MARC details
000 -LEADER
fixed length control field 01177nam a2200337 a 4500
001 - CONTROL NUMBER
control field 2508024
003 - CONTROL NUMBER IDENTIFIER
control field GBCCL
005 - DATE AND TIME OF LATEST TRANSACTION
control field 20241126110624.0
008 - FIXED-LENGTH DATA ELEMENTS--GENERAL INFORMATION
fixed length control field 931026s1992 dcua b 001 0 eng d
010 ## -
-- 92097031
020 ## - INTERNATIONAL STANDARD BOOK NUMBER
International Standard Book Number 0936758325
035 ## - SYSTEM CONTROL NUMBER
System control number (OCoLC)27953885
040 ## - CATALOGING SOURCE
Original cataloging agency OTifH
Transcribing agency OTifH
Modifying agency DLC
042 ## -
-- lccopycat
043 ## -
-- n-us---
050 00 -
-- JK1764
-- .I83 1992
082 00 - DEWEY DECIMAL CLASSIFICATION NUMBER
Classification number 323.0420973
Edition information 20
Item number ISA
100 1# - MAIN ENTRY--PERSONAL NAME
Personal name Isaac, Katherine.
9 (RLIN) 12875
245 10 - TITLE STATEMENT
Title Ralph Nader presents civics for democracy :
Remainder of title a journey for teachers and students /
Statement of responsibility, etc. by Katherine Isaac.
260 ## - PUBLICATION, DISTRIBUTION, ETC.
Place of publication, distribution, etc. Washington, DC :
Name of publisher, distributor, etc. Essential Books,
Date of publication, distribution, etc. c1992.
300 ## - PHYSICAL DESCRIPTION
Extent x, 390 p. :
Other physical details ill. ;
Dimensions 28 cm.
500 ## - GENERAL NOTE
General note Includes resources, notes, and index.
650 #0 - SUBJECT ADDED ENTRY--TOPICAL TERM
Topical term or geographic name entry element Political participation
Geographic subdivision United States.
9 (RLIN) 12876
650 #0 - SUBJECT ADDED ENTRY--TOPICAL TERM
Topical term or geographic name entry element Social movements
Geographic subdivision United States.
9 (RLIN) 12877
650 #0 - SUBJECT ADDED ENTRY--TOPICAL TERM
Topical term or geographic name entry element Student movements
Geographic subdivision United States.
9 (RLIN) 12878
700 1# - ADDED ENTRY--PERSONAL NAME
Personal name Nader, Ralph.
9 (RLIN) 12879
740 0# -
-- Civics for democracy.
906 ## - LOCAL DATA ELEMENT F, LDF (RLIN)
a 7
b cbc
c copycat
d 3
e opcn
f 19
g y-gencatlg
942 ## - ADDED ENTRY ELEMENTS (KOHA)
Source of classification or shelving scheme Dewey Decimal Classification
Koha item type Books
Holdings
Withdrawn status Lost status Source of classification or shelving scheme Damaged status Not for loan Home library Current Library Shelving location Date acquired Total checkouts Full call number Barcode Date last seen Copy number Price effective from Koha item type
    Dewey Decimal Classification     GRACE BIBLE COLLEGE GRACE BIBLE COLLEGE General Studies 2018-07-23   323.0420973 ISA 001264 2025-05-01 c.1 2018-07-23 Books
© Grace Bible College Library 2025